000
00330nam a2200145Ia 4500
008
150201s2004 xx 000 0 und d
082
_a
617.69
_b
M2004V
100
_a
VERMA,MANAV
245
_a
MCQS IN PEDODONTICS
250
_a
1ST
260
_b
AITBS
_a
DELHI
_c
2004
300
_a
1-130
650
_a
PEDODONTICS
942
_2
ddc
_c
BK
999
_c
2914
_d
2914